Programa del concurso de 1940 / Sociedad Económica Barcelonesa de Amigos del País
Descripción Física:
[8] p. ; 27 cm
MARC
| LEADER | 00000nam a2200000Ia 4500 | ||
|---|---|---|---|
| 001 | 22584 | ||
| 008 | 160829s1940 xx 000 0 cat d | ||
| 080 | |a FU-57-18 | ||
| 110 | 2 | |a Societat Econòmica Barcelonesa d'Amics del País |9 53272 | |
| 245 | |a Programa del concurso de 1940 / Sociedad Económica Barcelonesa de Amigos del País | ||
| 260 | |a Barcelona : |b Imp. Altés, |c 1940 | ||
| 300 | |a [8] p. ; |c 27 cm | ||
| 590 | |a Prové de Q-444, exp. 61 | ||
| 650 | |a Real Sociedad Económica Barcelonesa de Amigos del País |x Premis |9 47018 | ||
| 856 | 4 | |u https://media.diba.cat/diba/fitxers/arxiu/fulletons/bib_22584_1940_baixa.pdf |y Accés lliure | |
| 856 | 4 | |u https://media.diba.cat/diba/fitxers/arxiu/fulletons/bib_22584_1940_baixa.pdf |y Accés lliure | |
| 901 | |a Arxiu | ||
| 942 | |n 1 |2 udc | ||
| 952 | |0 0 |1 0 |4 0 |6 FU5718 |7 1 |9 53934 |a Arxiu |b Arxiu |d 2016-12-01 |l 0 |o FU-57-18 |p 22584 |r 2016-12-01 00:00:00 |w 2016-12-01 |y ARXIU | ||
| 999 | |c 57801 |d 57801 | ||
| 900 | |a bib_22584_1940_baixa.pdf | ||